Indigo Girls live at the Roxy [DVD/videorecording] ... Read More
Available copies
- 1 of 1 copy available at LARL/NWRL Consortium.
- 1 of 1 copy available at Lake Agassiz Regional Library. (Show preferred library)
Current holds
0 current holds with 1 total copy.
Show Only Available Copies
| Location | Call Number / Copy Notes | Barcode | Shelving Location | Status | Due Date |
|---|---|---|---|---|---|
| Climax Public Library | DVD 781.64 IND (Text) | 33500011860962 | Main | Available | - |
Record details
- Physical Description: 1 videodisc : sd., col. ; 4 3/4 in.
- Publisher: Santa Monica, CA : IG Recordings/Vanguard, 2009.
Content descriptions
| Formatted Contents Note: | Pendulum swinger -- Shame on you -- Little ... Read More |
| Participant or Performer Note: | The Indigo Girls (Emily Saliers, Amy Ray) in part ... Read More |
| Date/Time and Place of an Event Note: | Filmed at The Roxy Theatre in Atlanta, Georgia on ... Read More |
| System Details Note: | DVD; Dolby digital. |
Search for related items by subject
| Subject: | Folk-rock music Rock music. |
| Genre: | DVDs. DVD-Video discs. |
| LDR | 02042cgm a2200421Ia 4500 | ||
|---|---|---|---|
| 001 | 165200 | ||
| 003 | LARL_NWRL_CONSORTIUM | ||
| 005 | 20140602145910.0 | ||
| 007 | vd cvaizu | ||
| 008 | 100121s2009 cau--- vleng d | ||
| 024 | 1 | . | ‡a015707802192 |
| 028 | 0 | 3. | ‡a78021-9 ‡bIG Recordings/Vanguard |
| 035 | . | ‡a(OCoLC)501172473 | |
| 040 | . | ‡aCIB ‡beng ‡cCIB ‡dCIB ‡dCOO ‡dOCLCQ | |
| 110 | 2 | . | ‡aIndigo Girls (Musical group) ‡0(LARL_NWRL_CONSORTIUM)106256 |
| 245 | 1 | 0. | ‡aIndigo Girls live at the Roxy ‡h[DVD/videorecording] / ‡cIndigo Girls with special guests. |
| 246 | 3 | . | ‡aLive at the Roxy |
| 260 | . | ‡aSanta Monica, CA : ‡bIG Recordings/Vanguard, ‡c2009. | |
| 300 | . | ‡a1 videodisc : ‡bsd., col. ; ‡c4 3/4 in. | |
| 505 | 0 | . | ‡aPendulum swinger -- Shame on you -- Little perennials -- Hope alone -- World falls -- Lay my head down -- Three county highway -- Wood song -- Money made you mean -- Fill it up again -- Dairy Queen -- Last tears -- Let it ring -- Cannonball -- Rock and roll heaven's gate -- Midnight train to Georgia -- Closer to fine -- The encore. Don't think twice, it's all right ; Tether ; Galileo -- The bonus tracks. Rock and roll heaven's gate (acoustic) ; Land of Canaan. |
| 511 | 0 | . | ‡aThe Indigo Girls (Emily Saliers, Amy Ray) in part with Brandi Carlile and Three Five Man. |
| 538 | . | ‡aDVD; Dolby digital. | |
| 518 | . | ‡aFilmed at The Roxy Theatre in Atlanta, Georgia on July 30th, 2007. | |
| 650 | 0. | ‡aFolk-rock music ‡0(LARL_NWRL_CONSORTIUM)36064 | |
| 650 | 0. | ‡aRock music. ‡0(LARL_NWRL_CONSORTIUM)29887 | |
| 655 | 0. | ‡aDVDs. | |
| 655 | 0. | ‡aDVD-Video discs. | |
| 700 | 1 | . | ‡aSaliers, Emily, ‡d1963- ‡0(LARL_NWRL_CONSORTIUM)205981 |
| 700 | 1 | . | ‡aRay, Amy. ‡0(LARL_NWRL_CONSORTIUM)202012 |
| 700 | 1 | . | ‡aCarlile, Brandi. ‡0(LARL_NWRL_CONSORTIUM)209848 |
| 710 | 2 | . | ‡aThree Five Man (Musical group) |
| 710 | 2 | . | ‡aVanguard Cinema (Firm) ‡0(LARL_NWRL_CONSORTIUM)218787 |
| 948 | . | ‡hNO HOLDINGS IN LAL - 10 OTHER HOLDINGS | |
| 994 | . | ‡aZ0 ‡bLAL | |
| 901 | . | ‡a165200 ‡bOCLC ‡c165200 ‡tbiblio | |

Add to basket
Permalink
Disable Highlighting